Guess the Movie by a Picture #1 - Statistics

General Stats
  • This quiz has been taken 618 times
  • The average score is 7 of 12
Answer Stats
Picture Hint Answer % Correct
1985 Back to the Future
90%
2014 Interstellar
86%
2008 The Dark Knight
83%
2022 The Batman
80%
1980 The Shining
80%
2000 American Psycho
77%
2010 Black Swan
64%
2012 Django Unchained
60%
2001 Donnie Darko
40%
1974 The Godfather Part II
31%
1971 A Clockwork Orange
20%
1982 The Thing
17%
No matching quizzes found
Score Distribution
Percent of People with Each Score
Percentile by Number Answered
Your Score History
You have not taken this quiz